[Event "EU-chT (Women) 25th"]
[Site "Batumi"]
[Date "2025.10.13"]
[Round "8.16"]
[White "Tirpan, Ceren"]
[Black "Gaboyan, Susanna"]
[Result "0-1"]
[WhiteElo "2195"]
[BlackElo "2165"]
[PlyCount "120"]
[EventDate "2025.10.05"]
[EventType "team-swiss"]
[EventRounds "9"]
[EventCountry "GEO"]
[SourceTitle "CB42_2025"]
[SourceDate "2025.10.15"]
[SourceVersion "1"]
[SourceVersionDate "2025.10.15"]
[SourceQuality "1"]
[WhiteTeam "Turkey (W)"]
[BlackTeam "Armenia (W)"]
[WhiteTeamCountry "TUR"]
[BlackTeamCountry "ARM"]

1. c4 Nf6 2. Nc3 g6 3. g3 Bg7 4. Bg2 0-0 5. d3 d6 6. e4 c5 7. Nge2 Nc6 8. 0-0 Rb8 9. h3 a6 10. a4 Ne8 11. Be3 Nd4 12. Rb1 Bd7 13. b4 b6 14. f4 e6 15. Bf2 Nc7 16. Nxd4 cxd4 17. Ne2 e5 18. fxe5 dxe5 19. Qc2 Ne6 20. Be1 h5 21. Kh2 Ng5 22. Ng1 Qe7 23. Qe2 Qe6 24. Bd2 Bf6 25. Qf2 Be7 26. h4 Nh7 27. Bh3 Qd6 28. Bh6 Bxh3 29. Nxh3 Nf6 30. Qd2 Rfc8 31. Nf2 Qd7 32. Bg5 Nh7 33. Bxe7 Qxe7 34. Kg2 Nf6 35. Qg5 Kg7 36. Rb2 Qe6 37. b5 a5 38. Re2 Rb7 39. Qd2 Re7 40. Ree1 Qd6 41. Rg1 Re6 42. Kh1 Nd7 43. Ref1 Rf6 44. Qg5 Qa3 45. g4 hxg4 46. Qxg4 Qe7 47. Qg5 Rh8 48. Ng4 Re6 49. Qxe7 Rxe7 50. Kg2 Rxh4 51. Kg3 Rh5 52. Rf3 f5 53. Nf2 f4+ 54. Kg2 Rg5+ 55. Kf1 Rxg1+ 56. Kxg1 Nc5 57. Kg2 Nxa4 58. Kh3 Kf6 59. Kg4 Rh7 60. Nh3 g5 0-1

[Event "EU-chT (Women) 25th"]
[Site "Batumi"]
[Date "2025.10.10"]
[Round "6.40"]
[White "Srdanovic, Jovana"]
[Black "Tirpan, Ceren"]
[Result "0-1"]
[WhiteElo "2198"]
[BlackElo "2195"]
[PlyCount "170"]
[EventDate "2025.10.05"]
[EventType "team-swiss"]
[EventRounds "9"]
[EventCountry "GEO"]
[SourceTitle "CB42_2025"]
[SourceDate "2025.10.15"]
[SourceVersion "1"]
[SourceVersionDate "2025.10.15"]
[SourceQuality "1"]
[WhiteTeam "Serbia (W)"]
[BlackTeam "Turkey (W)"]
[WhiteTeamCountry "SRB"]
[BlackTeamCountry "TUR"]

1. d4 Nf6 2. c4 g6 3. Nc3 d5 4. cxd5 Nxd5 5. e4 Nxc3 6. bxc3 Bg7 7. Nf3 c5 8. Bb5+ Nc6 9. 0-0 0-0 10. Bxc6 bxc6 11. Qc2 Qa5 12. Be3 Rd8 13. h3 Ba6 14. Rfd1 Rab8 15. e5 c4 16. Rab1 Qd5 17. Bg5 Bf8 18. Qe2 Rb6 19. Qe3 Bc8 20. Bh6 Bf5 21. Rbc1 Bg7 22. Bxg7 Kxg7 23. Rd2 a5 24. Nh4 Bd3 25. f4 Qe4 26. Qf2 Rdb8 27. Kh2 Rb1 28. Rxb1 Rxb1 29. f5 Rf1 30. f6+ exf6 31. exf6+ Kg8 32. Rb2 h6 33. Rb8+ Kh7 34. Qg3 Rxf6 35. Nf3 g5 36. Ra8 Rf5 37. Qb8 Qf4+ 38. Qxf4 gxf4 39. Ne5 Be4 40. h4 c5 41. Rc8 cxd4 42. cxd4 Rh5 43. Rxc4 Rxh4+ 44. Kg1 Rh5 45. Kf2 Rg5 46. Nf3 Rb5 47. a3 Rb2+ 48. Kg1 Rb1+ 49. Kh2 Bxf3 50. gxf3 Rb3 51. Ra4 Rxf3 52. Rxa5 Kg6 53. a4 f5 54. Ra8 Rf2+ 55. Kh3 Rd2 56. Rd8 Kg5 57. a5 f3 58. Kg3 f2 59. Rg8+ Kf6 60. Kg2 Rxd4 61. Kxf2 Ra4 62. Ra8 Kg5 63. a6 Kf4 64. a7 Ra2+ 65. Kf1 Kf3 66. Kg1 f4 67. Kh1 h5 68. Kg1 h4 69. Rb8 Rxa7 70. Rb3+ Kg4 71. Rb2 h3 72. Kh2 Re7 73. Ra2 Re4 74. Ra8 Re2+ 75. Kg1 Rb2 76. Rc8 Kg3 77. Rg8+ Kf3 78. Ra8 h2+ 79. Kh1 Kf2 80. Rf8 Rb1+ 81. Kxh2 f3 82. Rf7 Rb8 83. Kh3 Rh8+ 84. Kg4 Kg2 85. Ra7 f2 0-1

[Event "TUR-chT 1st League"]
[Site "Ankara"]
[Date "2025.07.18"]
[Round "7.35"]
[White "Tirpan, Ceren"]
[Black "Anacoglu, Cisel"]
[Result "1-0"]
[WhiteElo "2060"]
[BlackElo "1889"]
[PlyCount "67"]
[EventDate "2025.07.14"]
[EventType "team-swiss"]
[EventRounds "9"]
[EventCountry "TUR"]
[SourceTitle "CB30_2025"]
[SourceDate "2025.07.23"]
[SourceVersion "1"]
[SourceVersionDate "2025.07.23"]
[SourceQuality "1"]
[WhiteTeam "Resul Caner Satranc"]
[BlackTeam "Gokyay Vakfi"]
[WhiteTeamCountry "TUR"]
[BlackTeamCountry "TUR"]

1. c4 e5 2. g3 Nc6 3. Bg2 g6 4. Nc3 Bg7 5. e3 d6 6. Nge2 Nge7 7. 0-0 Be6 8. Nd5 h5 9. d4 exd4 10. exd4 Nf5 11. Nxc7+ Qxc7 12. d5 Bd7 13. dxc6 Bxc6 14. Nf4 Bxg2 15. Re1+ Kf8 16. Nxg2 h4 17. Qd3 hxg3 18. hxg3 Qc6 19. Re4 Re8 20. Rxe8+ Kxe8 21. Bf4 Nd4 22. Re1+ Kd7 23. Re4 Ne6 24. b4 f5 25. Re3 Bf6 26. c5 d5 27. Be5 Nc7 28. b5 Nxb5 29. Bxf6 Qxf6 30. Qxb5+ Kc7 31. Qe2 Rh7 32. Re6 Qa1+ 33. Qe1 Qh8 34. Re7+ 1-0

[Event "TUR-chT 1st League"]
[Site "Ankara"]
[Date "2025.07.17"]
[Round "5.41"]
[White "Tirpan, Ceren"]
[Black "Ibrahimova, Sabina Oqtay"]
[Result "1-0"]
[WhiteElo "2060"]
[BlackElo "2214"]
[PlyCount "61"]
[EventDate "2025.07.14"]
[EventType "team-swiss"]
[EventRounds "9"]
[EventCountry "TUR"]
[SourceTitle "CB30_2025"]
[SourceDate "2025.07.23"]
[SourceVersion "1"]
[SourceVersionDate "2025.07.23"]
[SourceQuality "1"]
[WhiteTeam "Resul Caner Satranc"]
[BlackTeam "Beyazkale Satranc"]
[WhiteTeamCountry "TUR"]
[BlackTeamCountry "TUR"]

1. c4 Nf6 2. Nc3 e5 3. g3 Bb4 4. Bg2 0-0 5. Nf3 e4 6. Nd4 Nc6 7. Nc2 Bxc3 8. bxc3 d6 9. 0-0 Ne5 10. Ne3 Be6 11. d3 exd3 12. exd3 Qc8 13. Rb1 Rb8 14. f4 Nc6 15. f5 Bd7 16. g4 h6 17. d4 Ne7 18. Rb2 b5 19. cxb5 Bxb5 20. c4 Ba6 21. h4 Rxb2 22. Bxb2 h5 23. g5 Ng4 24. Nxg4 hxg4 25. f6 Nf5 26. fxg7 Nxg7 27. Qd3 c6 28. d5 cxd5 29. Bxd5 Qc5+ 30. Kg2 Bc8 31. Qc3 1-0

[Event "TUR-chT 1st League"]
[Site "Ankara"]
[Date "2025.07.14"]
[Round "1.29"]
[White "Tirpan, Ceren"]
[Black "Ayan, Bengu Sena"]
[Result "1-0"]
[WhiteElo "2060"]
[BlackElo "1857"]
[PlyCount "165"]
[EventDate "2025.07.14"]
[EventType "team-swiss"]
[EventRounds "9"]
[EventCountry "TUR"]
[SourceTitle "CB30_2025"]
[SourceDate "2025.07.23"]
[SourceVersion "1"]
[SourceVersionDate "2025.07.23"]
[SourceQuality "1"]
[WhiteTeam "Resul Caner Satranc"]
[BlackTeam "Dogru Hamle Genclik"]
[WhiteTeamCountry "TUR"]
[BlackTeamCountry "TUR"]

1. c4 e5 2. Nc3 Nc6 3. g3 g6 4. Bg2 Bg7 5. e3 d6 6. Nge2 f5 7. d3 Nf6 8. 0-0 0-0 9. Rb1 a5 10. a3 Nh5 11. Nd5 Be6 12. f4 Rb8 13. Bd2 Qd7 14. Nec3 Nf6 15. Qa4 h6 16. b4 axb4 17. axb4 g5 18. b5 Ne7 19. Nxe7+ Qxe7 20. fxe5 dxe5 21. Nd5 Qd7 22. Bb4 Rfe8 23. Rbd1 Nxd5 24. cxd5 Bxd5 25. Bxd5+ Qxd5 26. Rxf5 Ra8 27. Qc2 Ra2 28. Qc4 Rd8 29. Rc1 Qxc4 30. Rxc4 Rd7 31. Bc3 Rxd3 32. Rxc7 Rc2 33. Bxe5 Rxc7 34. Bxc7 Rxe3 35. Rd5 Rb3 36. b6 Rb4 37. Rd8+ Kh7 38. Rd7 Kg6 39. Bd8 Rb2 40. Rxb7 Bd4+ 41. Kf1 Kh5 42. h3 Bc5 43. Bc7 Bd4 44. Rb8 Bc5 45. Ke1 Rb3 46. Kd2 Bf2 47. Kc2 Rb5 48. Kd3 Rb3+ 49. Kc4 Rb1 50. Kd5 g4 51. hxg4+ Kxg4 52. Rg8+ Kh3 53. Kc6 Rc1+ 54. Kd7 Rb1 55. Rg6 h5 56. Kc8 Bxb6 57. Bxb6 Rb4 58. Bd8 Rd4 59. Kc7 Rd5 60. Bh4 Kg2 61. Kc6 Ra5 62. Kd7 Ra7+ 63. Ke6 Ra6+ 64. Kf5 Ra5+ 65. Kf6 Kf3 66. Rg5 Ra6+ 67. Kg7 Ra7+ 68. Kh6 Ra8 69. Rf5+ Kg4 70. Rf4+ Kh3 71. Kxh5 Rh8+ 72. Kg5 Rg8+ 73. Kf5 Rf8+ 74. Ke4 Ra8 75. Rf3 Ra4+ 76. Kf5 Ra5+ 77. Kg6 Kg4 78. Rf4+ Kh3 79. g4 Kxh4 80. g5+ Kg3 81. Rb4 Ra6+ 82. Kh5 Ra5 83. Kh6 1-0

[Event "EU-ch (Women) 25th"]
[Site "Rhodes"]
[Date "2025.04.11"]
[Round "11"]
[White "Tirpan, Ceren"]
[Black "Eric, Jovana"]
[Result "0-1"]
[WhiteElo "2051"]
[BlackElo "2147"]
[PlyCount "94"]
[EventDate "2025.03.31"]
[EventType "swiss"]
[EventRounds "11"]
[EventCountry "GRE"]
[SourceTitle "CB16_2025"]
[SourceDate "2025.04.16"]
[SourceVersion "1"]
[SourceVersionDate "2025.04.16"]
[SourceQuality "1"]

1. c4 e5 2. g3 Nf6 3. Bg2 Bc5 4. Nc3 0-0 5. e3 Nc6 6. Nge2 d6 7. 0-0 Bb6 8. d4 Re8 9. d5 Ne7 10. Na4 e4 11. Nxb6 axb6 12. Nd4 Ng6 13. Qc2 Bd7 14. f4 exf3 15. Nxf3 b5 16. cxb5 Bxb5 17. Re1 Ne5 18. Nxe5 Rxe5 19. e4 Nxd5 20. Bd2 Nb6 21. Bc3 Re8 22. e5 d5 23. Bd4 Bc6 24. b3 Nd7 25. a4 Nf8 26. b4 Ne6 27. Bb2 Bd7 28. Bxd5 Bxa4 29. Qc4 c6 30. Bg2 Bb5 31. Qc2 Rxa1 32. Bxa1 Bd3 33. Qf2 Qe7 34. Rd1 Ba6 35. Rd6 Nf8 36. Bh3 Bc4 37. Qd4 Bd5 38. Bc3 Ne6 39. Bxe6 fxe6 40. b5 Rf8 41. Bd2 Qf7 42. Qf4 Qg6 43. Qe3 Qb1+ 44. Qe1 Qd3 45. bxc6 bxc6 46. Bf4 Qf3 47. Qd2 g5 0-1

[Event "EU-ch (Women) 25th"]
[Site "Rhodes"]
[Date "2025.04.07"]
[Round "7"]
[White "Tirpan, Ceren"]
[Black "Avramidou, Anastasia"]
[Result "0-1"]
[WhiteElo "2051"]
[BlackElo "2275"]
[PlyCount "82"]
[EventDate "2025.03.31"]
[EventType "swiss"]
[EventRounds "11"]
[EventCountry "GRE"]
[SourceTitle "CB16_2025"]
[SourceDate "2025.04.16"]
[SourceVersion "1"]
[SourceVersionDate "2025.04.16"]
[SourceQuality "1"]

1. c4 Nf6 2. Nc3 g6 3. g3 Bg7 4. Bg2 d6 5. e4 0-0 6. Nge2 c5 7. 0-0 Nc6 8. d3 Rb8 9. Rb1 b6 10. h3 Ne8 11. Be3 Nc7 12. d4 Ba6 13. d5 Ne5 14. b3 b5 15. f4 Nd7 16. cxb5 Nxb5 17. Nxb5 Bxb5 18. Qd2 Qb6 19. Rfd1 Rfc8 20. Nc3 Ba6 21. b4 cxb4 22. Bxb6 bxc3 23. Qc2 Nxb6 24. e5 dxe5 25. d6 exd6 26. Rxd6 exf4 27. gxf4 Re8 28. Be4 Bc8 29. a4 Bxh3 30. Rb5 Rbc8 31. Bd3 Nc4 32. Bxc4 Rxc4 33. Rbd5 Rcc8 34. f5 Bxf5 35. Rxf5 gxf5 36. Rd7 Re6 37. Qxf5 Rg6+ 38. Kh2 c2 39. Qxf7+ Kh8 40. Qe7 Rh6+ 41. Kg2 Bf6 0-1

[Event "Izmir Arena IM 13"]
[Site "Izmir"]
[Date "2025.03.20"]
[Round "8"]
[White "Tirpan, Ceren"]
[Black "Yildiz, Serdar Murat"]
[Result "1/2-1/2"]
[WhiteElo "1996"]
[BlackElo "2261"]
[PlyCount "94"]
[EventDate "2025.03.16"]
[EventType "tourn"]
[EventRounds "9"]
[EventCountry "TUR"]
[SourceTitle "CB13_2025"]
[SourceDate "2025.03.26"]
[SourceVersion "1"]
[SourceVersionDate "2025.03.26"]
[SourceQuality "1"]

1. c4 Nf6 2. Nc3 e6 3. e4 d5 4. cxd5 exd5 5. e5 Ne4 6. Nf3 Bc5 7. d4 Bb4 8. Qb3 c5 9. Bb5+ Nc6 10. 0-0 0-0 11. dxc5 Nxc5 12. Qxd5 Qb6 13. Be3 Rd8 14. Bxc5 Bxc5 15. Qe4 Nd4 16. Nxd4 Rxd4 17. Qc2 Be6 18. Bd3 Rad8 19. Rad1 Qa5 20. Bxh7+ Kh8 21. Bd3 Bb6 22. Rfe1 Bg4 23. Be2 Be6 24. Rxd4 Bxd4 25. Bf3 Bxe5 26. Qe4 Bf6 27. Qxb7 Rd2 28. b4 Qd8 29. Ne4 Rxa2 30. Nxf6 Qxf6 31. Qe4 Rd2 32. h3 Qc3 33. Qa8+ Kh7 34. Qxa7 Rd4 35. Qa1 Qxb4 36. Qb1+ Qxb1 37. Rxb1 Kg6 38. Kh2 Kf6 39. Rb6 Rd2 40. Kg3 Rd3 41. Kf4 g5+ 42. Ke4 Ra3 43. Bg4 Ra4+ 44. Ke3 Ra3+ 45. Ke4 Ra4+ 46. Ke3 Ra3+ 47. Ke4 Ra4+ 1/2-1/2

[Event "Izmir Arena IM 13"]
[Site "Izmir"]
[Date "2025.03.17"]
[Round "2"]
[White "Tirpan, Ceren"]
[Black "Gagic, Milan A"]
[Result "1-0"]
[WhiteElo "1996"]
[BlackElo "2309"]
[PlyCount "113"]
[EventDate "2025.03.16"]
[EventType "tourn"]
[EventRounds "9"]
[EventCountry "TUR"]
[SourceTitle "CB13_2025"]
[SourceDate "2025.03.26"]
[SourceVersion "1"]
[SourceVersionDate "2025.03.26"]
[SourceQuality "1"]

1. Nf3 d5 2. c4 e6 3. g3 Nf6 4. Bg2 Be7 5. d4 0-0 6. Nc3 c5 7. dxc5 Bxc5 8. cxd5 exd5 9. 0-0 Nc6 10. e3 Bg4 11. Ne2 Qd7 12. Nf4 d4 13. exd4 Nxd4 14. Ne5 Qf5 15. Nxg4 Nxg4 16. b4 Bb6 17. Nd5 Rae8 18. Be3 Nxe3 19. Nxe3 Qb5 20. Nd5 Re5 21. a4 Qc4 22. a5 Bd8 23. Ne3 Qxb4 24. Ra4 Ne2+ 25. Kh1 Qb5 26. Qa1 Rc5 27. Rg4 Nc3 28. Nd5 Rxd5 29. Qxc3 Rg5 30. Rxg5 Qxg5 31. Bxb7 Bxa5 32. Qf3 Bb6 33. Rd1 Kh8 34. Rd7 f5 35. Rd5 Qc1+ 36. Kg2 Qc7 37. Ba6 g6 38. Bb5 Rf7 39. h4 Kg7 40. h5 Qe7 41. hxg6 hxg6 42. Qc3+ Qf6 43. Qf3 f4 44. g4 a5 45. g5 Qb2 46. Bd3 Bc7 47. Rb5 Qd4 48. Rd5 Qb4 49. Rb5 Qd6 50. Be4 Re7 51. Qc3+ Re5 52. Rb7 f3+ 53. Bxf3 Kf8 54. Rxc7 Rxg5+ 55. Kf1 Re5 56. Rc6 Qd7 57. Qxe5 1-0

[Event "Izmir Arena IM 12"]
[Site "Izmir"]
[Date "2025.03.13"]
[Round "5"]
[White "Tirpan, Ceren"]
[Black "Schekachikhin, Maksim"]
[Result "1/2-1/2"]
[WhiteElo "1996"]
[BlackElo "2371"]
[PlyCount "99"]
[EventDate "2025.03.11"]
[EventType "tourn"]
[EventRounds "9"]
[EventCountry "TUR"]
[SourceTitle "CB13_2025"]
[SourceDate "2025.03.26"]
[SourceVersion "1"]
[SourceVersionDate "2025.03.26"]
[SourceQuality "1"]

1. c4 e5 2. g3 c6 3. d4 e4 4. a3 d5 5. Nc3 h6 6. Bg2 Nf6 7. f3 exf3 8. Nxf3 dxc4 9. 0-0 Be7 10. e4 0-0 11. Qe2 Be6 12. Bf4 Nbd7 13. Rad1 Re8 14. Kh1 Qa5 15. Qd2 Bf8 16. d5 Bg4 17. dxc6 bxc6 18. e5 Bxf3 19. Bxf3 Nxe5 20. Bxe5 Qxe5 21. Bxc6 Rad8 22. Nd5 Rxd5 23. Bxd5 Rd8 24. Rxf6 Qxf6 25. Qe2 Rd7 26. Qxc4 Qxb2 27. Rf1 Qxa3 28. Bxf7+ Kh8 29. Be6 Rd8 30. Bf5 Qc5 31. Qg4 Qb5 32. Rb1 Qc6+ 33. Be4 Qf6 34. Bg2 Be7 35. Rf1 Qg5 36. Qe6 Bf6 37. Be4 a5 38. Rf5 Qc1+ 39. Kg2 Qb2+ 40. Kh3 a4 41. Rd5 Rg8 42. Qf7 Qe2 43. Qg6 Qf1+ 44. Bg2 Qc4 45. Rf5 Rf8 46. Bd5 Qc8 47. Kg2 Qc2+ 48. Kh3 Qc8 49. Kg2 Qc2+ 50. Kh3 1/2-1/2

[Event "Mersin op 8th"]
[Site "Mersin"]
[Date "2024.11.14"]
[Round "7"]
[White "Kazimova, Narmin Nizami Qizi"]
[Black "Tirpan, Ceren"]
[Result "1-0"]
[WhiteElo "2155"]
[BlackElo "2053"]
[PlyCount "155"]
[EventDate "2024.11.10"]
[EventType "swiss"]
[EventRounds "9"]
[EventCountry "TUR"]
[SourceTitle "CB47_2024"]
[SourceDate "2024.11.20"]
[SourceVersion "1"]
[SourceVersionDate "2024.11.20"]
[SourceQuality "1"]

1. Nf3 c5 2. c4 Nc6 3. d4 cxd4 4. Nxd4 g6 5. e4 Bg7 6. Be3 Nf6 7. Nc3 d6 8. Be2 0-0 9. 0-0 Bd7 10. Qd2 Rc8 11. f3 a6 12. Rac1 Nxd4 13. Bxd4 Be6 14. b3 Qa5 15. Be3 Rfd8 16. f4 Bg4 17. Bd3 Bd7 18. h3 Bc6 19. f5 Rf8 20. Nd5 Qxd2 21. Nxe7+ Kh8 22. Bxd2 Rce8 23. Nxc6 bxc6 24. Rce1 Nd7 25. g4 Bd4+ 26. Kg2 Kg7 27. Bc2 f6 28. h4 Ne5 29. g5 c5 30. Bd1 Rf7 31. Be2 Nd7 32. Bg4 Ne5 33. Kh3 Nd3 34. Re2 Rfe7 35. Rf3 Nb2 36. Bc1 Nd1 37. gxf6+ Bxf6 38. fxg6 hxg6 39. Re1 Nb2 40. Rxf6 Nd3 41. Rff1 Nxe1 42. Rxe1 Rxe4 43. Rf1 Re1 44. Rxe1 Rxe1 45. Bf4 Rh1+ 46. Kg3 Rg1+ 47. Kf3 Ra1 48. Bxd6 Rxa2 49. Bxc5 Kf7 50. Bd7 Rd2 51. Bc8 a5 52. Bb6 Rd3+ 53. Ke4 Rxb3 54. Bxa5 Rb8 55. Bd7 Rh8 56. Be1 Ke7 57. Bg4 Kd6 58. Kd4 Kc6 59. Bf3+ Kb6 60. c5+ Kb5 61. c6 Rg8 62. Bg3 g5 63. hxg5 Rxg5 64. c7 Rg8 65. Bb7 Kb6 66. c8Q Rxc8 67. Bxc8 Kc6 68. Kc4 Kb6 69. Bd6 Kc6 70. Bc5 Kc7 71. Ba6 Kd7 72. Kd5 Kc7 73. Bb5 Kb7 74. Kd6 Kc8 75. Kc6 Kd8 76. Kb6 Kc8 77. Be7 Kb8 78. Ba6 1-0

[Event "Mersin op 8th"]
[Site "Mersin"]
[Date "2024.11.13"]
[Round "6"]
[White "Atis, Hasan"]
[Black "Tirpan, Ceren"]
[Result "1-0"]
[WhiteElo "2167"]
[BlackElo "2053"]
[PlyCount "59"]
[EventDate "2024.11.10"]
[EventType "swiss"]
[EventRounds "9"]
[EventCountry "TUR"]
[SourceTitle "CB47_2024"]
[SourceDate "2024.11.20"]
[SourceVersion "1"]
[SourceVersionDate "2024.11.20"]
[SourceQuality "1"]

1. e4 c5 2. Nf3 e6 3. d4 cxd4 4. Nxd4 a6 5. Bd3 Bc5 6. Nb3 Ba7 7. Qg4 Nf6 8. Qg3 d6 9. 0-0 Nc6 10. Nc3 b5 11. Bg5 Ne5 12. Rad1 h6 13. Bc1 g5 14. Kh1 Bb7 15. f3 Rg8 16. Qe1 Nh5 17. a4 bxa4 18. Nxa4 Bc6 19. Nc3 Qb6 20. Be2 0-0-0 21. Rd4 a5 22. Rd1 Qb4 23. Bd2 Qb6 24. Ra1 Kd7 25. Rxa5 Ra8 26. Qa1 Ke7 27. Ra6 Qc7 28. Qa5 Qd7 29. Nb5 Bb7 30. Rxd6 1-0

[Event "Mersin op 8th"]
[Site "Mersin"]
[Date "2024.11.11"]
[Round "2"]
[White "Dogan, Nazmi Can"]
[Black "Tirpan, Ceren"]
[Result "1/2-1/2"]
[WhiteElo "2218"]
[BlackElo "2053"]
[PlyCount "196"]
[EventDate "2024.11.10"]
[EventType "swiss"]
[EventRounds "9"]
[EventCountry "TUR"]
[SourceTitle "CB47_2024"]
[SourceDate "2024.11.20"]
[SourceVersion "1"]
[SourceVersionDate "2024.11.20"]
[SourceQuality "1"]

1. e4 c5 2. Nf3 e6 3. d4 cxd4 4. Nxd4 a6 5. Nc3 b5 6. Bd3 Bb7 7. 0-0 Nc6 8. Nxc6 Bxc6 9. Re1 Ne7 10. Qh5 Ng6 11. Bf1 Qb8 12. a4 Bb4 13. Re3 bxa4 14. Nxa4 Qe5 15. Qxe5 Nxe5 16. h3 0-0 17. b3 Bb5 18. Bb2 f6 19. Ba3 Bd2 20. Bxf8 Bxe3 21. Bb4 Bxf1 22. Kxf1 Nc6 23. Bc5 Bd4 24. Rd1 Bxc5 25. Nxc5 Ne5 26. Nxd7 Nc6 27. Rd6 Rc8 28. Nb6 Rc7 29. Nc4 Kf7 30. Ke2 Ke7 31. Rd2 g6 32. c3 a5 33. Ra2 Rb7 34. Ra3 Rb5 35. Kd3 f5 36. exf5 gxf5 37. f4 Rd5+ 38. Kc2 Kf6 39. Ra1 Rc5 40. g4 h6 41. Kd3 Rd5+ 42. Ke3 Rb5 43. Ra3 Rc5 44. Kd3 Rd5+ 45. Kc2 Rb5 46. Ne3 fxg4 47. hxg4 h5 48. gxh5 Rxh5 49. Ra1 Rh3 50. Nc4 Rh5 51. Kd3 Rh3+ 52. Ne3 e5 53. fxe5+ Kxe5 54. Ra4 Kd6 55. Ke2 Rh2+ 56. Kf3 Kc5 57. Ra1 Rb2 58. Ra3 Kb5 59. Ke4 Rd2 60. Nc4 Rd1 61. Ke3 Rd7 62. Ra1 Ra7 63. Nd6+ Kc5 64. Ne4+ Kb5 65. Rh1 a4 66. Rh5+ Kb6 67. bxa4 Rxa4 68. Kd3 Ra5 69. Rh6 Rd5+ 70. Kc2 Re5 71. Nd2 Kc7 72. Nc4 Rd5 73. Ne3 Rd6 74. Rh5 Rd8 75. Nd5+ Kd6 76. Nb6 Ne5 77. c4 Re8 78. Kc3 Kc6 79. Rh6+ Kb7 80. Nd5 Rc8 81. Rh7+ Ka6 82. Ne3 Rd8 83. Rh6+ Kb7 84. Kb4 Rd3 85. Nd5 Rd4 86. Rh7+ Kb8 87. Nb6 Rf4 88. Kb5 Rf7 89. Rh5 Nd7 90. c5 Nxb6 91. Kxb6 Rb7+ 92. Kc6 Rc7+ 93. Kd6 Kb7 94. Rh1 Rc6+ 95. Kd5 Rg6 96. Rh7+ Kc8 97. Kc4 Rf6 98. Kb5 Rg6 1/2-1/2

[Event "TUR Cup"]
[Site "Denizli"]
[Date "2024.08.01"]
[Round "4"]
[White "Tirpan, Ceren"]
[Black "Nazli, Sertan"]
[Result "1-0"]
[WhiteElo "1926"]
[BlackElo "1861"]
[PlyCount "137"]
[EventDate "2024.07.30"]
[EventType "swiss"]
[EventRounds "11"]
[EventCountry "TUR"]
[SourceTitle "EXT 2025"]
[Source "ChessBase"]
[SourceDate "2024.10.14"]
[SourceVersion "1"]
[SourceVersionDate "2024.10.14"]
[SourceQuality "1"]

1. c4 e5 2. Nc3 Nf6 3. Nf3 Nc6 4. g3 d5 5. cxd5 Nxd5 6. Bg2 Nf6 7. 0-0 h6 8. d3 Bd6 9. b3 0-0 10. Bb2 Bg4 11. Rc1 Qd7 12. Ne4 Nxe4 13. dxe4 Qe7 14. Qc2 Ba3 15. e3 Rfd8 16. Nh4 Bxb2 17. Qxb2 Nb4 18. Rc3 Rd7 19. a3 Nc6 20. Nf5 Qf8 21. h3 Bh5 22. g4 Bg6 23. Qc1 a5 24. Bf3 Rad8 25. Rd1 Rxd1+ 26. Bxd1 Bxf5 27. exf5 Rd6 28. Bf3 Qd8 29. Kg2 h5 30. Rc4 hxg4 31. Rxg4 Ne7 32. Qc3 Nxf5 33. Qxe5 Nh4+ 34. Kg3 Rg6 35. Be4 Rxg4+ 36. hxg4 b6 37. Qd4 Qe7 38. Qd5 g5 39. f4 gxf4+ 40. exf4 Kg7 41. g5 Ng6 42. Kg4 Nf8 43. Bd3 Qe3 44. Qe5+ Qxe5 45. fxe5 Ne6 46. Be4 Nc5 47. Bd5 Kg6 48. b4 axb4 49. axb4 Na6 50. b5 Nc5 51. Ba2 Na4 52. Bb1+ Kg7 53. Kf5 Nc3 54. Bd3 Nd5 55. e6 fxe6+ 56. Ke5 Kf8 57. Bc4 Ne7 58. Kf6 c6 59. bxc6 Nxc6 60. g6 Ne7 61. g7+ Kg8 62. Bxe6+ Kh7 63. Kf7 b5 64. Bf5+ Kh6 65. Bd3 b4 66. Bc2 b3 67. Bxb3 Kh7 68. Bc2+ Kh6 69. Bb1 1-0

[Event "TUR-chT 2nd League"]
[Site "Denizli"]
[Date "2024.07.18"]
[Round "5.1"]
[White "Kara, Gulce Nehir"]
[Black "Tirpan, Ceren"]
[Result "1-0"]
[WhiteElo "1978"]
[BlackElo "2022"]
[PlyCount "119"]
[EventDate "2024.07.15"]
[EventType "team-swiss"]
[EventRounds "9"]
[EventCountry "TUR"]
[SourceTitle "EXT 2025"]
[Source "ChessBase"]
[SourceDate "2024.10.14"]
[SourceVersion "1"]
[SourceVersionDate "2024.10.14"]
[SourceQuality "1"]
[WhiteTeam "Goztepe"]
[BlackTeam "Resul Caner"]
[WhiteTeamCountry "TUR"]
[BlackTeamCountry "TUR"]

1. e4 c5 2. Nf3 Nc6 3. Bb5 Nf6 4. Qe2 g6 5. c3 Qb6 6. Ba4 Bg7 7. 0-0 0-0 8. Rd1 d5 9. e5 Ne8 10. h3 Nc7 11. d4 cxd4 12. cxd4 Ne6 13. Be3 a6 14. Nc3 Nc7 15. Bb3 e6 16. Nh2 Ne8 17. h4 Qd8 18. h5 Qh4 19. hxg6 fxg6 20. Qd2 Kh8 21. Bg5 Qh5 22. g4 Qh3 23. Re1 Rf3 24. Nxf3 Qxg4+ 25. Kf1 Qxf3 26. Ne2 Bd7 27. Qf4 Qh1+ 28. Ng1 Nc7 29. Qf3 Qh2 30. Ne2 Rf8 31. Bf4 Qh4 32. Bg3 Qh3+ 33. Qg2 Qg4 34. f4 Ne7 35. Bf2 Qf5 36. Bh4 Ng8 37. Rac1 Na8 38. Bc2 Qf7 39. Kf2 Bb5 40. Bg5 Nh6 41. Rh1 Nf5 42. Qh3 h5 43. Bxf5 Qxf5 44. Qxf5 Rxf5 45. Rc8+ Rf8 46. Rhc1 Bd7 47. Rxf8+ Bxf8 48. Bf6+ Kg8 49. Ng1 Bb4 50. Nf3 Ba5 51. Rg1 Be8 52. Nh4 Kh7 53. f5 exf5 54. e6 Nc7 55. Bd8 Bb6 56. Nf3 Kg7 57. Ke3 f4+ 58. Kf2 Bc6 59. e7 Be8 60. Rc1 1-0